000
00245nam a2200097 a 4500
005
20140414131956.0
008
110209s19uu xx 00 eng d
050
_a
TR 372.3
_b
In8 2003
245
_a
Introduction to science, plants.
999
_c
112944
_d
112944